| 000 | 00619cam a22002293a 4500 | ||
|---|---|---|---|
| 001 | 439 | ||
| 003 | PGUSA | ||
| 005 | 20140828082948.0 | ||
| 008 | 960201s1996||||xxu|||||s|||||000 | eng d | ||
| 040 |
_aPGUSA _beng |
||
| 042 | _adc | ||
| 050 | 4 | _aBF | |
| 100 | 1 |
_aDoyle, Arthur Conan, _d1859-1930 |
|
| 245 | 1 | 4 |
_aThe Vital Message _h[electronic resource] / _cArthur Conan Doyle |
| 260 |
_bProject Gutenberg, _c1996 |
||
| 506 | _aPublic domain in the USA. | ||
| 516 | _aElectronic text | ||
| 653 | _aSpiritualism | ||
| 830 | 0 |
_aProject Gutenberg _v439 |
|
| 856 | 4 | 0 | _uhttp://www.gutenberg.org/ebooks/439 |
| 942 | _cEB | ||
| 999 |
_c229790 _d229790 |
||